Rylo Rodriguez Charting Songs (Billboard Hot 100) - Statistics

General Stats
  • This quiz has been taken 12 times
    6 since last reset
  • The average score is 3 of 5
Answer Stats
Album Weeks On Peak Artist(s) Song % Correct
Bigger Than Life or Death 2 Weeks #92 EST Gee ft. Lil Baby, 42 Dugg & Rylo Rodriguez 5500 Degrees
100%
WHAM 2 Weeks #44 Lil Baby & Rylo Rodriguez ft. Rod Wave By Myself
100%
Been One 1 Week #100 Rylo Rodriguez Equal Dirt
50%
It's Only Me 1 Week #57 Lil Baby ft. Rylo Rodriguez Cost To Be Alive
0%
Been One 2 Weeks #91 Rylo Rodriguez ft. NoCap Thing For You
0%
No matching quizzes found
Score Distribution
Percent of People with Each Score
Percentile by Number Answered
Your Score History
You have not taken this quiz since the last reset